| 000 | 00792nac a22002051u 4500 | ||
|---|---|---|---|
| 008 | 100913t xxu||||| |||| 00| 0 eng d | ||
| 020 | _a0750664703 | ||
| 082 |
_a625.7 _bROA |
||
| 245 |
_aRoadwork : _bTheory and Practice/ _cPeter Kendrick ...[et al.]. |
||
| 250 | _a5th ed. | ||
| 260 |
_aOxford: _bElsevier Butterworth-Heinemann, _c2004 |
||
| 300 |
_aviii, 317 p. : _bill. ; _c28 cm. |
||
| 500 | _aIncludes index | ||
| 600 |
_aPeter Kendrick ...[et al.]. _918806 |
||
| 650 |
_aRoads -- Design and construction. _918807 |
||
| 650 |
_aKendrick, Peter S. _918808 |
||
| 700 |
_aKendrick, Peter _918805 |
||
| 942 |
_cBB _k625.7 KEN _2ddc |
||
| 999 |
_c2553 _d2553 |
||